Statistiche per Più grandi città dell'Emilia-Romagna

Clicka qui per fare il quiz!

Statistiche generali

  • Questo quiz è stato fatto 312 volte
  • Il punteggio medio è 9 su 10

Statistiche sulle risposte

PopolazioneCittà% Corretto
386.663⭐️Bologna
100%
147.750⭐️Rimini
97%
192.836⭐️Parma
96%
184.973⭐️Modena
94%
159.116⭐️Ravenna
93%
133.155⭐️Ferrara
92%
171.345⭐️Reggio Emilia
92%
102.191⭐️Piacenza
91%
117.913⭐️Forlì
90%
96.758⭐️Cesena
83%

Distribuzione punteggi

Percentile per numero di risposta

Percentuale di utenti per punteggio

I tuoi punteggi nel tempo

Non hai fatto questo quiz